Statistics for Languages of Moldova

Click here to take the quiz!

General Stats

  • This quiz has been taken 146 times
  • The average score is 5 of 6

Answer Stats

PercentLanguage% Correct
80Moldovan/Romanian
97%
9Russian
97%
0.3Romani
93%
3Ukrainian
88%
1Bulgarian
65%
4Gagauz
53%

Score Distribution

Percentile by Number Answered

Percent of People with Each Score

Your Score History

You have not taken this quiz